| 000 | 01521cam a22002535a 4500 | ||
|---|---|---|---|
| 001 | L156379 | ||
| 008 | 150512s2012 xxk f 001 0 eng d | ||
| 020 | _a9781846612473 | ||
| 035 | _a(Sirsi) u156379 | ||
| 041 | 0 | _aeng | |
| 050 | 0 | 4 | _a346.4204346 $2 18 |
| 100 | 1 | _aFreeman, Philip | |
| 245 | 0 | 0 |
_aService charges _blaw and practice |
| 250 | _a5th ed. | ||
| 260 |
_aBristol _bJordans _c2012 |
||
| 300 |
_axxxvi, 394 p. _c25 cm |
||
| 350 | _a45.60 | ||
| 505 | 2 | _aMatters applicable to commercial and residential leases -- Special rules for residential lettings -- Value added tax -- Reserve funds and sinking funds -- Service charges: freehold and commonhold properties -- Statutory obligations -- Commercial codes of practice -- Appendix 1: specimen service charges clauses -- Appendix2: specimen notices, demands, accounts and certificates -- Appendix 3: extracts from legislation. | |
| 520 | _aThis newest edition of this book has been revised to take account of over 30 new LVT cases, the new RICS Code of Practice for Service Charges in Commercial Property, as well as new material on Energy Efficiency Certificates, Display Energy Certificates and green leases. The concise and easily understood commentary is supported by specimen service charge clauses, model accounts, notices and certificates making this book an invaluable and immensely practical guide to this difficult subject. | ||
| 521 | _aAdvanced. | ||
| 651 | 4 | _aENGLAND AND WALES | |
| 690 |
_aProperty management. _96262 |
||
| 942 | _n0 | ||
| 999 |
_c114223 _d114223 |
||